People of Qing China: 1839-1911 - Statistics

General Stats
  • This quiz has been taken 21 times
  • The average score is 7 of 15
Answer Stats
Picture Hint Answer % Correct
1782-1850 Daoguang Emperor
100%
1835-1908 Empress Dowager Cixi
100%
1906-1967 Xuantong Emperor (Puyi)
89%
1871-1908 Guangxu Emperor
83%
1866-1925 Sun Yat-sen
83%
1812-1885 Zuo Zongtang
80%
1856-1875 Tongzhi Emperor
75%
1883-1951 Prince Chun (Zaifeng)
63%
1814-1864 Hong Xiuquan
56%
1837-1881 Empress Dowager Ci'an
50%
1873-1929 Liang Qichao
50%
1883-1944 Wang Jingwei
50%
1831-1861 Xianfeng Emperor
50%
1859-1916 Yuan Shikai
50%
1785-1850 Lin Zexu
40%
1820-1877 Muhammad Yakub Beg
40%
1811-1872 Zeng Guofan
38%
1875-1907 Qiu Jin
33%
1836-1903 Ronglu
33%
1833-1885 Charles Gordon
25%
1823-1901 Li Hongzhang
25%
1882-1913 Song Jiaoren
25%
1833-1898 Prince Gong
17%
1837-1909 Zhang Zhidong
17%
1820-1902 Song Qing
14%
1877-1925 Prince Qing (Yikuang)
13%
1861-1918 Song Jiashu (Charlie Soong)
11%
1836-1895 Ding Ruchang
0%
1874-1916 Huang Xing
0%
1858-1927 Kang Youwei
0%
1830-1902 Liu Kunyi
0%
No matching quizzes found
Score Distribution
Percent of People with Each Score
Percentile by Number Answered
Your Score History
You have not taken this quiz